中国所有国家卫生城市(城市点位地图版) - Statistics

General Stats
  • This quiz has been taken 15 times
  • The average score is 255 of 454
Answers on the Map
Answers color-coded by a green-red scale on the quiz's map according to % correct below.
 
Answer Stats
省级行政区 城市 % Correct
北京市 西城区
78%
北京市 朝阳区
78%
北京市 石景山区
78%
北京市 海淀区
78%
北京市 房山区
78%
北京市 | 江苏省 通州区
78%
北京市 顺义区
78%
北京市 昌平区
78%
北京市 怀柔区
78%
北京市 平谷区
78%
北京市 密云区
78%
北京市 延庆区
78%
天津市 滨海新区
78%
河北省 石家庄市
78%
河北省 秦皇岛市
78%
河北省 张家口市
78%
内蒙古自治区 呼和浩特市
78%
内蒙古自治区 包头市
78%
内蒙古自治区 通辽市
78%
内蒙古自治区 呼伦贝尔市
78%
江苏省 苏州市
78%
山东省 济南市
78%
山东省 青岛市
78%
山东省 枣庄市
78%
山东省 东营市
78%
山东省 烟台市
78%
山东省 潍坊市
78%
山东省 济宁市
78%
山东省 泰安市
78%
山东省 威海市
78%
山东省 日照市
78%
山东省 德州市
78%
山东省 滨州市
78%
山东省 邹城市
78%
北京市 东城区
67%
北京市 门头沟区
67%
天津市 和平区
67%
天津市 河东区
67%
天津市 河西区
67%
天津市 南开区
67%
天津市 河北区
67%
天津市 西青区
67%
山西省 阳泉市
67%
山西省 长治市
67%
山西省 晋城市
67%
山西省 忻州市
67%
内蒙古自治区 乌海市
67%
内蒙古自治区 赤峰市
67%
内蒙古自治区 鄂尔多斯市
67%
内蒙古自治区 巴彦淖尔市
67%
内蒙古自治区 二连浩特市
67%
内蒙古自治区 锡林浩特市
67%
辽宁省 沈阳市
67%
辽宁省 大连市
67%
辽宁省 丹东市
67%
辽宁省 锦州市
67%
辽宁省 盘锦市
67%
吉林省 长春市
67%
吉林省 吉林市
67%
吉林省 四平市
67%
吉林省 松原市
67%
吉林省 白城市
67%
黑龙江省 大庆市
67%
黑龙江省 黑河市
67%
上海市 静安区
67%
上海市 普陀区
67%
上海市 浦东新区
67%
上海市 金山区
67%
上海市 松江区
67%
上海市 奉贤区
67%
上海市 崇明区
67%
江苏省 南京市
67%
江苏省 无锡市
67%
江苏省 徐州市
67%
江苏省 常州市
67%
江苏省 南通市
67%
江苏省 连云港市
67%
江苏省 淮安市
67%
江苏省 盐城市
67%
江苏省 扬州市
67%
江苏省 镇江市
67%
江苏省 泰州市
67%
江苏省 宿迁市
67%
江苏省 江阴市
67%
江苏省 溧阳市
67%
江苏省 常熟市
67%
江苏省 张家港市
67%
江苏省 昆山市
67%
江苏省 太仓市
67%
浙江省 杭州市
67%
浙江省 宁波市
67%
浙江省 温州市
67%
浙江省 嘉兴市
67%
浙江省 湖州市
67%
浙江省 金华市
67%
浙江省 衢州市
67%
浙江省 台州市
67%
浙江省 丽水市
67%
浙江省 慈溪市
67%
浙江省 义乌市
67%
安徽省 蚌埠市
67%
安徽省 马鞍山市
67%
安徽省 黄山市
67%
福建省 福州市
67%
福建省 厦门市
67%
福建省 三明市
67%
福建省 泉州市
67%
福建省 漳州市
67%
江西省 景德镇市
67%
江西省 九江市
67%
江西省 赣州市
67%
江西省 吉安市
67%
江西省 抚州市
67%
江西省 上饶市
67%
山东省 淄博市
67%
山东省 临沂市
67%
山东省 聊城市
67%
山东省 莱芜区
67%
山东省 胶州市
67%
山东省 莱州市
67%
山东省 青州市
67%
山东省 诸城市
67%
山东省 寿光市
67%
山东省 蓬莱区
67%
河南省 郑州市
67%
河南省 开封市
67%
河南省 洛阳市
67%
河南省 平顶山市
67%
河南省 安阳市
67%
河南省 鹤壁市
67%
河南省 新乡市
67%
河南省 焦作市
67%
河南省 濮阳市
67%
河南省 许昌市
67%
河南省 漯河市
67%
河南省 南阳市
67%
河南省 商丘市
67%
河南省 信阳市
67%
河南省 周口市
67%
河南省 驻马店市
67%
河南省 济源市
67%
湖北省 武汉市
67%
湖北省 黄石市
67%
湖北省 十堰市
67%
湖北省 宜昌市
67%
湖北省 襄阳市
67%
湖北省 鄂州市
67%
湖北省 荆州市
67%
湖北省 黄冈市
67%
湖北省 咸宁市
67%
湖北省 仙桃市
67%
湖北省 潜江市
67%
湖北省 天门市
67%
湖南省 株洲市
67%
湖南省 湘潭市
67%
湖南省 衡阳市
67%
湖南省 邵阳市
67%
湖南省 岳阳市
67%
湖南省 张家界市
67%
湖南省 益阳市
67%
湖南省 郴州市
67%
湖南省 永州市
67%
湖南省 娄底市
67%
广东省 广州市
67%
广东省 韶关市
67%
广东省 深圳市
67%
广东省 珠海市
67%
广东省 汕头市
67%
广东省 佛山市
67%
广东省 江门市
67%
广东省 湛江市
67%
广东省 茂名市
67%
广东省 肇庆市
67%
广东省 惠州市
67%
广东省 梅州市
67%
广东省 汕尾市
67%
广东省 河源市
67%
广东省 阳江市
67%
广东省 清远市
67%
广东省 东莞市
67%
广东省 中山市
67%
广东省 揭阳市
67%
广东省 云浮市
67%
广西壮族自治区 南宁市
67%
广西壮族自治区 柳州市
67%
广西壮族自治区 桂林市
67%
广西壮族自治区 梧州市
67%
广西壮族自治区 北海市
67%
广西壮族自治区 钦州市
67%
广西壮族自治区 百色市
67%
广西壮族自治区 崇左市
67%
海南省 海口市
67%
海南省 三亚市
67%
海南省 三沙市
67%
海南省 儋州市
67%
海南省 琼海市
67%
海南省 文昌市
67%
海南省 万宁市
67%
重庆市 渝北区
67%
四川省 成都市
67%
四川省 自贡市
67%
四川省 攀枝花市
67%
四川省 德阳市
67%
四川省 绵阳市
67%
四川省 广元市
67%
四川省 遂宁市
67%
四川省 内江市
67%
四川省 乐山市
67%
四川省 眉山市
67%
四川省 宜宾市
67%
四川省 广安市
67%
四川省 雅安市
67%
四川省 巴中市
67%
贵州省 贵阳市
67%
贵州省 六盘水市
67%
贵州省 遵义市
67%
贵州省 安顺市
67%
贵州省 毕节市
67%
贵州省 铜仁市
67%
云南省 昆明市
67%
云南省 曲靖市
67%
云南省 保山市
67%
云南省 丽江市
67%
云南省 楚雄市
67%
西藏自治区 拉萨市
67%
西藏自治区 昌都市
67%
西藏自治区 林芝市
67%
陕西省 西安市
67%
陕西省 铜川市
67%
陕西省 宝鸡市
67%
陕西省 咸阳市
67%
陕西省 渭南市
67%
陕西省 延安市
67%
陕西省 汉中市
67%
陕西省 榆林市
67%
陕西省 安康市
67%
陕西省 商洛市
67%
陕西省 神木市
67%
甘肃省 嘉峪关市
67%
甘肃省 金昌市
67%
甘肃省 白银市
67%
甘肃省 敦煌市
67%
青海省 西宁市
67%
青海省 玉树市
67%
宁夏回族自治区 银川市
67%
宁夏回族自治区 石嘴山市
67%
宁夏回族自治区 吴忠市
67%
宁夏回族自治区 固原市
67%
宁夏回族自治区 中卫市
67%
新疆维吾尔自治区 克拉玛依市
67%
天津市 东丽区
56%
天津市 北辰区
56%
天津市 宝坻区
56%
内蒙古自治区 乌兰察布市
56%
内蒙古自治区 满洲里市
56%
内蒙古自治区 乌兰浩特市
56%
辽宁省 鞍山市
56%
吉林省 延吉市
56%
黑龙江省 伊春市
56%
上海市 黄浦区
56%
上海市 闵行区
56%
上海市 宝山区
56%
上海市 嘉定区
56%
上海市 青浦区
56%
江苏省 宜兴市
56%
江苏省 新沂市
56%
江苏省 邳州市
56%
江苏省 启东市
56%
江苏省 海安市
56%
江苏省 丹阳市
56%
江苏省 扬中市
56%
江苏省 句容市
56%
江苏省 兴化市
56%
江苏省 靖江市
56%
江苏省 泰兴市
56%
浙江省 绍兴市
56%
浙江省 舟山市
56%
浙江省 建德市
56%
浙江省 余姚市
56%
浙江省 瑞安市
56%
浙江省 诸暨市
56%
浙江省 东阳市
56%
浙江省 江山市
56%
浙江省 玉环市
56%
浙江省 萧山区
56%
安徽省 铜陵市
56%
安徽省 六安市
56%
安徽省 宣城市
56%
江西省 南昌市
56%
江西省 宜春市
56%
江西省 井冈山市
56%
山东省 滕州市
56%
山东省 曲阜市
56%
山东省 荣成市
56%
山东省 乳山市
56%
河南省 新郑市
56%
河南省 登封市
56%
湖北省 荆门市
56%
湖北省 丹江口市
56%
湖南省 常德市
56%
海南省 五指山市
56%
重庆市 涪陵区
56%
重庆市 沙坪坝区
56%
重庆市 南岸区
56%
四川省 泸州市
56%
四川省 资阳市
56%
四川省 都江堰市
56%
四川省 西昌市
56%
云南省 玉溪市
56%
云南省 普洱市
56%
云南省 大理市
56%
陕西省 韩城市
56%
陕西省 华阴市
56%
甘肃省 玉门市
56%
青海省 格尔木市
56%
青海省 德令哈市
56%
新疆维吾尔自治区 昌吉市
56%
新疆维吾尔自治区 博乐市
56%
新疆维吾尔自治区 阿克苏市
56%
新疆维吾尔自治区 库尔勒市
56%
新疆维吾尔自治区 伊宁市
56%
新疆维吾尔自治区 奎屯市
56%
新疆维吾尔自治区 石河子市
56%
天津市 津南区
44%
山西省 孝义市
44%
辽宁省 瓦房店市
44%
辽宁省 庄河市
44%
吉林省 梅河口市
44%
黑龙江省 五大连池市
44%
上海市 徐汇区
44%
上海市 长宁区
44%
江苏省 如皋市
44%
江苏省 海门区
44%
江苏省 东台市
44%
江苏省 高邮市
44%
江苏省 姜堰区
44%
浙江省 乐清市
44%
浙江省 海宁市
44%
浙江省 平湖市
44%
浙江省 桐乡市
44%
浙江省 嵊州市
44%
浙江省 永康市
44%
浙江省 温岭市
44%
浙江省 富阳区
44%
江西省 共青城市
44%
山东省 招远市
44%
山东省 高密市
44%
河南省 新密市
44%
河南省 义马市
44%
湖北省 大冶市
44%
湖北省 宜都市
44%
湖南省 浏阳市
44%
湖南省 醴陵市
44%
广东省 南海区
44%
重庆市 九龙坡区
44%
重庆市 北碚区
44%
重庆市 巴南区
44%
重庆市 黔江区
44%
重庆市 江津区
44%
重庆市 合川区
44%
重庆市 永川区
44%
重庆市 南川区
44%
重庆市 璧山区
44%
重庆市 铜梁区
44%
重庆市 荣昌区
44%
重庆市 武隆区
44%
四川省 简阳市
44%
四川省 峨眉山市
44%
四川省 康定市
44%
贵州省 仁怀市
44%
贵州省 凯里市
44%
云南省 个旧市
44%
甘肃省 合作市
44%
宁夏回族自治区 灵武市
44%
宁夏回族自治区 青铜峡市
44%
天津市 红桥区
33%
天津市 武清区
33%
河北省 任丘市
33%
山西省 介休市
33%
山西省 原平市
33%
山西省 侯马市
33%
吉林省 集安市
33%
吉林省 珲春市
33%
黑龙江省 铁力市
33%
上海市 虹口区
33%
上海市 杨浦区
33%
江苏省 仪征市
33%
江苏省 吴江区
33%
江苏省 吴中区
33%
浙江省 兰溪市
33%
浙江省 龙泉市
33%
浙江省 临安区
33%
安徽省 宁国市
33%
福建省 武夷山市
33%
山东省 龙口市
33%
山东省 昌邑市
33%
山东省 新泰市
33%
山东省 肥城市
33%
山东省 章丘区
33%
河南省 巩义市
33%
河南省 林州市
33%
河南省 禹州市
33%
河南省 永城市
33%
湖南省 津市市
33%
湖南省 资兴市
33%
广西壮族自治区 东兴市
33%
广西壮族自治区 凭祥市
33%
重庆市 大渡口区
33%
四川省 崇州市
33%
四川省 阆中市
33%
贵州省 赤水市
33%
云南省 安宁市
33%
云南省 腾冲市
33%
云南省 蒙自市
33%
云南省 芒市
33%
河北省 黄骅市
22%
辽宁省 凌海市
22%
辽宁省 北镇市
22%
吉林省 敦化市
22%
黑龙江省 海林市
22%
江苏省 大丰区
22%
浙江省 临海市
22%
浙江省 奉化区
22%
山东省 邹平市
22%
河南省 荥阳市
22%
河南省 偃师区
22%
河南省 孟州市
22%
河南省 长葛市
22%
湖北省 石首市
22%
湖北省 洪湖市
22%
广东省 阳春市
22%
重庆市 綦江区
22%
四川省 彭州市
22%
贵州省 福泉市
22%
云南省 弥勒市
22%
新疆维吾尔自治区 阜康市
22%
河北省 新乐市
11%
河北省 迁安市
11%
山西省 潞城区
11%
江苏省 金坛区
11%
福建省 龙海区
11%
江西省 德兴市
11%
河南省 舞钢市
11%
河南省 汝州市
11%
湖北省 当阳市
11%
湖北省 枝江市
11%
广西壮族自治区 北流市
11%
重庆市 大足区
11%
重庆市 潼南区
11%
四川省 邛崃市
11%
四川省 隆昌市
11%
贵州省 清镇市
11%
云南省 开远市
11%
No matching quizzes found
Score Distribution
Percent of People with Each Score
Percentile by Number Answered
Your Score History
You have not taken this quiz